[Event "European Chess Club Cup 2023"]
[Site "Durres, Albania"]
[Date "2023.10.03"]
[Round "3.1"]
[White "Rapport, Richard"]
[Black "Mamedov, Rauf"]
[Result "1/2-1/2"]
[TimeControl "90' + 30' & 30\""]
[WhiteElo "2752"]
[BlackElo "2640"]

1. e4 {[%clk 01:30:25]} {[%emt 00:00:34]} c5 {[%clk 01:30:49]} {[%emt
00:00:12]} 2. Nf3 {[%clk 01:30:42]} {[%emt 00:00:11]} d6 {[%clk 01:31:04]}
{[%emt 00:00:16]} 3. Bc4 {[%clk 01:27:54]} {[%emt 00:03:18]} Nf6 {[%clk
01:27:05]} {[%emt 00:04:30]} 4. d3 {[%clk 01:23:40]} {[%emt 00:04:43]} Nc6
{[%clk 01:26:22]} {[%emt 00:01:14]} 5. O-O {[%clk 01:23:22]} {[%emt 00:00:47]}
g6 {[%clk 01:25:32]} {[%emt 00:01:21]} 6. c3 {[%clk 01:22:30]} {[%emt
00:01:21]} Bg7 {[%clk 01:24:41]} {[%emt 00:01:22]} 7. a4 {[%clk 01:22:50]}
{[%emt 00:00:10]} O-O {[%clk 01:25:03]} {[%emt 00:00:08]} 8. Re1 {[%clk
01:23:03]} {[%emt 00:00:16]} Bg4 {[%clk 01:19:56]} {[%emt 00:05:37]} 9. h3
{[%clk 01:18:51]} {[%emt 00:04:42]} Bxf3 {[%clk 01:18:32]} {[%emt 00:01:54]} 10.
Qxf3 {[%clk 01:19:19]} {[%emt 00:00:02]} Ne5 {[%clk 01:18:55]} {[%emt
00:00:07]} 11. Qe2 {[%clk 01:18:35]} {[%emt 00:01:14]} Nxc4 {[%clk 01:19:17]}
{[%emt 00:00:09]} 12. dxc4 {[%clk 01:19:02]} {[%emt 00:00:02]} Qb6 {[%clk
01:10:31]} {[%emt 00:09:16]} 13. f4 {[%clk 01:12:17]} {[%emt 00:07:15]} Rfe8
{[%clk 00:53:27]} {[%emt 00:17:34]} 14. Nd2 {[%clk 01:07:51]} {[%emt 00:04:55]}
Nd7 {[%clk 00:50:00]} {[%emt 00:03:58]} 15. Nf3 {[%clk 01:02:28]} {[%emt
00:05:52]} Qc6 {[%clk 00:47:15]} {[%emt 00:03:16]} 16. Bd2 {[%clk 00:53:56]}
{[%emt 00:09:02]} Rad8 {[%clk 00:45:51]} {[%emt 00:01:54]} 17. Kh1 {[%clk
00:43:40]} {[%emt 00:10:45]} e6 {[%clk 00:43:35]} {[%emt 00:02:47]} 18. a5
{[%clk 00:40:57]} {[%emt 00:03:14]} h6 {[%clk 00:28:00]} {[%emt 00:16:05]} 19.
Kh2 {[%clk 00:30:49]} {[%emt 00:10:37]} Kh7 {[%clk 00:26:17]} {[%emt 00:02:14]}
20. g4 {[%clk 00:22:35]} {[%emt 00:08:44]} f5 {[%clk 00:23:31]} {[%emt
00:03:15]} 21. exf5 {[%clk 00:20:54]} {[%emt 00:02:11]} exf5 {[%clk 00:23:21]}
{[%emt 00:00:41]} 22. Qg2 {[%clk 00:12:52]} {[%emt 00:08:31]} fxg4 {[%clk
00:19:54]} {[%emt 00:03:58]} 23. hxg4 {[%clk 00:13:09]} {[%emt 00:00:12]} Kg8
{[%clk 00:18:31]} {[%emt 00:01:53]} 24. g5 {[%clk 00:10:03]} {[%emt 00:03:37]}
hxg5 {[%clk 00:15:40]} {[%emt 00:03:21]} 25. Nxg5 {[%clk 00:10:03]} {[%emt
00:00:29]} Qxg2+ {[%clk 00:13:09]} {[%emt 00:03:01]} 26. Kxg2 {[%clk 00:10:32]}
{[%emt 00:00:02]} Bf6 {[%clk 00:13:10]} {[%emt 00:00:29]} 27. Ne4 {[%clk
00:09:24]} {[%emt 00:01:37]} Be7 {[%clk 00:13:20]} {[%emt 00:00:21]} 28. Kf3
{[%clk 00:08:30]} {[%emt 00:01:23]} Rf8 {[%clk 00:09:37]} {[%emt 00:04:13]} 29.
Kg3 {[%clk 00:04:52]} {[%emt 00:04:08]} Nf6 {[%clk 00:07:59]} {[%emt 00:02:08]}
30. Ng5 {[%clk 00:04:41]} {[%emt 00:00:41]} Nh5+ {[%clk 00:07:39]} {[%emt
00:00:50]} 31. Kg4 {[%clk 00:04:54]} {[%emt 00:00:16]} Bxg5 {[%clk 00:07:07]}
{[%emt 00:01:02]} 32. Kxg5 {[%clk 00:05:20]} {[%emt 00:00:04]} d5 {[%clk
00:05:12]} {[%emt 00:02:26]} 33. Re5 {[%clk 00:04:39]} {[%emt 00:01:11]} dxc4
{[%clk 00:04:00]} {[%emt 00:01:42]} 34. Be3 {[%clk 00:05:04]} {[%emt 00:00:05]}
Rd3 {[%clk 00:04:02]} {[%emt 00:00:28]} 35. Re1 {[%clk 00:03:32]} {[%emt
00:02:02]} b6 {[%clk 00:02:55]} {[%emt 00:01:38]} 36. f5 {[%clk 00:03:57]}
{[%emt 00:00:03]} Rd6 {[%clk 00:02:29]} {[%emt 00:00:55]} 37. fxg6 {[%clk
00:03:03]} {[%emt 00:01:25]} Ng7 {[%clk 00:02:57]} {[%emt 00:00:03]} 38. Bf4
{[%clk 00:02:36]} {[%emt 00:00:56]} Rdf6 {[%clk 00:03:20]} {[%emt 00:00:08]} 39.
R1e4 {[%clk 00:02:07]} {[%emt 00:00:58]} Rf5+ {[%clk 00:02:04]} {[%emt
00:01:46]} 40. Kg4 {[%clk 00:00:34]} {[%emt 00:02:04]} R5f6 {[%clk 00:02:29]}
{[%emt 00:00:05]} 41. Kg5 {[%clk 00:27:56]} {[%emt 00:03:08]} Rc6 {[%clk
00:21:10]} {[%emt 00:11:49]} 42. Kh6 {[%clk 00:20:01]} {[%emt 00:08:24]} Rcf6
{[%clk 00:20:51]} {[%emt 00:00:49]} 1/2-1/2

[Event "European Chess Club Cup 2023"]
[Site "Durres, Albania"]
[Date "2023.10.03"]
[Round "3.2"]
[White "Suleymanli, Aydin"]
[Black "Anand, Viswanathan"]
[Result "1/2-1/2"]
[TimeControl "90' + 30' & 30\""]
[WhiteElo "2588"]
[BlackElo "2754"]

1. e4 {[%clk 01:30:46]} {[%emt 00:00:13]} e5 {[%clk 01:30:48]} {[%emt
00:00:13]} 2. Nf3 {[%clk 01:30:56]} {[%emt 00:00:20]} Nc6 {[%clk 01:31:09]}
{[%emt 00:00:08]} 3. Bb5 {[%clk 01:31:22]} {[%emt 00:00:04]} a6 {[%clk
01:31:17]} {[%emt 00:00:22]} 4. Ba4 {[%clk 01:31:33]} {[%emt 00:00:20]} Nf6
{[%clk 01:31:37]} {[%emt 00:00:10]} 5. O-O {[%clk 01:31:56]} {[%emt 00:00:07]}
Nxe4 {[%clk 01:31:57]} {[%emt 00:00:10]} 6. d4 {[%clk 01:32:18]} {[%emt
00:00:08]} b5 {[%clk 01:32:12]} {[%emt 00:00:14]} 7. Bb3 {[%clk 01:32:44]}
{[%emt 00:00:05]} d5 {[%clk 01:32:34]} {[%emt 00:00:08]} 8. dxe5 {[%clk
01:33:02]} {[%emt 00:00:12]} Be6 {[%clk 01:32:57]} {[%emt 00:00:07]} 9. Nbd2
{[%clk 01:33:25]} {[%emt 00:00:07]} Nc5 {[%clk 01:32:05]} {[%emt 00:01:21]} 10.
c3 {[%clk 01:33:50]} {[%emt 00:00:06]} d4 {[%clk 01:31:02]} {[%emt 00:01:32]}
11. Bxe6 {[%clk 01:34:07]} {[%emt 00:00:13]} Nxe6 {[%clk 01:31:23]} {[%emt
00:00:08]} 12. cxd4 {[%clk 01:34:33]} {[%emt 00:00:06]} Ncxd4 {[%clk 01:31:43]}
{[%emt 00:00:10]} 13. a4 {[%clk 01:34:55]} {[%emt 00:00:08]} Nc6 {[%clk
01:31:10]} {[%emt 00:01:02]} 14. Qe2 {[%clk 01:29:37]} {[%emt 00:05:48]} Be7
{[%clk 01:29:58]} {[%emt 00:01:42]} 15. Qe4 {[%clk 01:24:17]} {[%emt 00:05:50]}
Nb4 {[%clk 01:28:09]} {[%emt 00:02:19]} 16. axb5 {[%clk 01:24:24]} {[%emt
00:00:24]} O-O {[%clk 01:28:14]} {[%emt 00:00:24]} 17. bxa6 {[%clk 01:24:10]}
{[%emt 00:00:45]} Nxa6 {[%clk 01:28:00]} {[%emt 00:00:43]} 18. Nc4 {[%clk
01:21:57]} {[%emt 00:02:45]} Nac5 {[%clk 01:26:22]} {[%emt 00:02:07]} 19. Qxa8
{[%clk 01:19:44]} {[%emt 00:02:43]} Qxa8 {[%clk 01:26:41]} {[%emt 00:00:12]} 20.
Rxa8 {[%clk 01:20:11]} Rxa8 {[%clk 01:27:02]} {[%emt 00:00:11]} 21. Be3 {[%clk
01:19:50]} {[%emt 00:00:52]} Ra4 {[%clk 01:21:15]} {[%emt 00:06:16]} 22. Nfd2
{[%clk 01:19:07]} {[%emt 00:01:14]} Nd3 {[%clk 01:19:01]} {[%emt 00:02:43]} 23.
g3 {[%clk 01:09:06]} {[%emt 00:10:32]} Ra2 {[%clk 01:11:38]} {[%emt 00:07:53]}
24. Rb1 {[%clk 01:07:59]} {[%emt 00:01:37]} Bc5 {[%clk 01:09:52]} {[%emt
00:02:16]} 25. Bxc5 {[%clk 01:08:17]} {[%emt 00:00:13]} Nexc5 {[%clk 01:08:34]}
{[%emt 00:01:47]} 26. Kf1 {[%clk 01:07:19]} {[%emt 00:01:29]} Na4 {[%clk
01:02:57]} {[%emt 00:06:06]} 27. Ke2 {[%clk 01:04:52]} {[%emt 00:02:56]} Ndxb2
{[%clk 01:00:55]} {[%emt 00:02:32]} 28. Rc1 {[%clk 01:05:08]} {[%emt 00:00:16]}
Nxc4 {[%clk 01:01:13]} {[%emt 00:00:12]} 29. Rxc4 {[%clk 01:05:33]} {[%emt
00:00:05]} c5 {[%clk 01:01:28]} {[%emt 00:00:14]} 30. Ke3 {[%clk 01:05:23]}
{[%emt 00:00:40]} Ra3+ {[%clk 01:00:40]} {[%emt 00:01:18]} 31. Ke2 {[%clk
01:04:05]} {[%emt 00:01:48]} Ra2 {[%clk 01:00:30]} {[%emt 00:00:39]} 32. Ke3
{[%clk 01:04:27]} {[%emt 00:00:08]} Ra3+ {[%clk 01:00:47]} {[%emt 00:00:14]} 33.
Ke2 {[%clk 01:04:43]} {[%emt 00:00:14]} Ra2 {[%clk 01:01:08]} {[%emt 00:00:09]}
34. Ke3 {[%clk 01:05:05]} {[%emt 00:00:08]} Ra3+ {[%clk 01:01:28]} {[%emt
00:00:10]} 1/2-1/2

[Event "European Chess Club Cup 2023"]
[Site "Durres, Albania"]
[Date "2023.10.03"]
[Round "3.3"]
[White "Deac, Bogdan-Daniel"]
[Black "Asadli, Vugar"]
[Result "1-0"]
[TimeControl "90' + 30' & 30\""]
[WhiteElo "2701"]
[BlackElo "2563"]

1. e4 {[%clk 01:30:56]} {[%emt 00:00:02]} c5 {[%clk 01:30:42]} {[%emt
00:00:19]} 2. Nf3 {[%clk 01:31:20]} {[%emt 00:00:06]} Nc6 {[%clk 01:31:07]}
{[%emt 00:00:05]} 3. Bb5 {[%clk 01:29:03]} {[%emt 00:02:47]} e6 {[%clk
01:31:20]} {[%emt 00:00:16]} 4. c3 {[%clk 01:27:35]} {[%emt 00:01:59]} d5
{[%clk 01:28:30]} {[%emt 00:03:20]} 5. exd5 {[%clk 01:14:21]} {[%emt 00:13:44]}
Qxd5 {[%clk 01:28:53]} {[%emt 00:00:07]} 6. O-O {[%clk 01:11:00]} {[%emt
00:03:51]} Bd7 {[%clk 01:26:01]} {[%emt 00:03:22]} 7. Re1 {[%clk 01:09:31]}
{[%emt 00:01:58]} Nf6 {[%clk 01:25:08]} {[%emt 00:01:23]} 8. Na3 {[%clk
01:08:50]} {[%emt 00:01:12]} Be7 {[%clk 01:17:23]} {[%emt 00:08:15]} 9. Bf1
{[%clk 01:05:53]} {[%emt 00:03:28]} O-O {[%clk 01:15:34]} {[%emt 00:02:19]} 10.
Nc4 {[%clk 01:06:05]} {[%emt 00:00:18]} Rfd8 {[%clk 01:12:22]} {[%emt
00:03:41]} 11. a4 {[%clk 01:03:20]} {[%emt 00:03:15]} h6 {[%clk 01:01:32]}
{[%emt 00:11:20]} 12. d3 {[%clk 00:55:03]} {[%emt 00:08:47]} Qf5 {[%clk
00:54:41]} {[%emt 00:07:21]} 13. g3 {[%clk 00:49:05]} {[%emt 00:06:28]} Be8
{[%clk 00:50:30]} {[%emt 00:04:40]} 14. a5 {[%clk 00:47:38]} {[%emt 00:01:58]}
Nd5 {[%clk 00:45:04]} {[%emt 00:05:56]} 15. Bg2 {[%clk 00:47:21]} {[%emt
00:00:47]} Bf6 {[%clk 00:37:47]} {[%emt 00:07:47]} 16. Nfd2 {[%clk 00:40:30]}
{[%emt 00:07:21]} Be7 {[%clk 00:35:30]} {[%emt 00:02:47]} 17. Be4 {[%clk
00:31:40]} {[%emt 00:09:20]} Qf6 {[%clk 00:34:47]} {[%emt 00:01:12]} 18. Nf1
{[%clk 00:25:49]} {[%emt 00:06:22]} g5 {[%clk 00:29:17]} {[%emt 00:06:00]} 19.
Nfe3 {[%clk 00:23:07]} {[%emt 00:03:11]} Qg7 {[%clk 00:28:51]} {[%emt
00:00:56]} 20. Qe2 {[%clk 00:20:54]} {[%emt 00:02:44]} Bf8 {[%clk 00:23:40]}
{[%emt 00:05:41]} 21. Bg2 {[%clk 00:19:43]} {[%emt 00:01:41]} Nce7 {[%clk
00:23:31]} {[%emt 00:00:39]} 22. Bd2 {[%clk 00:18:09]} {[%emt 00:02:04]} Bc6
{[%clk 00:23:16]} {[%emt 00:00:44]} 23. Ng4 {[%clk 00:15:39]} {[%emt 00:03:00]}
Nf6 {[%clk 00:21:25]} {[%emt 00:02:21]} 24. Nge5 {[%clk 00:08:42]} {[%emt
00:07:27]} Bxg2 {[%clk 00:18:31]} {[%emt 00:03:24]} 25. Kxg2 {[%clk 00:09:09]}
{[%emt 00:00:04]} Ned5 {[%clk 00:18:36]} {[%emt 00:00:25]} 26. h4 {[%clk
00:05:41]} {[%emt 00:03:58]} gxh4 {[%clk 00:13:58]} {[%emt 00:05:07]} 27. Rh1
{[%clk 00:05:53]} {[%emt 00:00:18]} b5 {[%clk 00:14:25]} {[%emt 00:00:04]} 28.
axb6 {[%clk 00:01:46]} {[%emt 00:04:37]} axb6 {[%clk 00:14:54]} 29. Rxa8 {[%clk
00:01:53]} {[%emt 00:00:23]} Rxa8 {[%clk 00:15:24]} 30. Rxh4 {[%clk 00:02:15]}
{[%emt 00:00:07]} h5 {[%clk 00:15:53]} 31. Ne3 {[%clk 00:01:20]} {[%emt
00:01:25]} Ne7 {[%clk 00:11:48]} {[%emt 00:04:35]} 32. Qf3 {[%clk 00:01:25]}
{[%emt 00:00:25]} Rd8 {[%clk 00:11:29]} {[%emt 00:00:50]} 33. Rf4 {[%clk
00:01:33]} {[%emt 00:00:21]} Nfd5 {[%clk 00:11:48]} {[%emt 00:00:11]} 34. Nxd5
{[%clk 00:01:29]} {[%emt 00:00:34]} Nxd5 {[%clk 00:10:55]} {[%emt 00:01:23]} 35.
Re4 {[%clk 00:01:44]} {[%emt 00:00:15]} Bd6 {[%clk 00:10:31]} {[%emt 00:00:55]}
36. Nc4 {[%clk 00:00:40]} {[%emt 00:01:33]} Bc7 {[%clk 00:10:57]} {[%emt
00:00:04]} 37. Rh4 {[%clk 00:00:36]} {[%emt 00:00:35]} Nf6 {[%clk 00:09:48]}
{[%emt 00:01:39]} 38. Qc6 {[%clk 00:00:33]} {[%emt 00:00:33]} Rd7 {[%clk
00:08:55]} {[%emt 00:01:22]} 39. d4 {[%clk 00:00:32]} {[%emt 00:00:32]} cxd4
{[%clk 00:05:37]} {[%emt 00:03:48]} 40. cxd4 {[%clk 00:00:34]} {[%emt
00:00:28]} Qg6 {[%clk 00:06:04]} {[%emt 00:00:02]} 41. Bc3 {[%clk 00:27:02]}
{[%emt 00:04:03]} Qd3 {[%clk 00:24:44]} {[%emt 00:11:50]} 42. Ne3 {[%clk
00:23:46]} {[%emt 00:03:46]} b5 {[%clk 00:19:24]} {[%emt 00:05:51]} 43. Qa8+
{[%clk 00:16:36]} {[%emt 00:07:39]} Rd8 {[%clk 00:18:43]} {[%emt 00:01:11]} 44.
Qf3 {[%clk 00:16:16]} {[%emt 00:00:49]} Qg6 {[%clk 00:17:55]} {[%emt 00:01:19]}
45. Qc6 {[%clk 00:15:07]} {[%emt 00:01:39]} Bd6 {[%clk 00:17:20]} {[%emt
00:01:05]} 46. Ba5 {[%clk 00:15:26]} {[%emt 00:00:11]} Rd7 {[%clk 00:17:23]}
{[%emt 00:00:28]} 47. d5 {[%clk 00:10:44]} {[%emt 00:05:12]} e5 {[%clk
00:05:54]} {[%emt 00:11:59]} 48. Qxb5 {[%clk 00:08:12]} {[%emt 00:03:02]} Kh7
{[%clk 00:06:15]} {[%emt 00:00:09]} 49. Bc3 {[%clk 00:05:34]} {[%emt 00:03:06]}
Rd8 {[%clk 00:06:00]} {[%emt 00:00:47]} 50. Qe2 {[%clk 00:00:35]} {[%emt
00:05:28]} Be7 {[%clk 00:04:59]} {[%emt 00:01:31]} 51. Rh1 {[%clk 00:00:47]}
{[%emt 00:00:18]} Kg8 {[%clk 00:04:36]} {[%emt 00:00:53]} 52. Qf3 {[%clk
00:00:45]} {[%emt 00:00:31]} Ng4 {[%clk 00:03:59]} {[%emt 00:01:08]} 53. Nxg4
{[%clk 00:00:50]} {[%emt 00:00:26]} hxg4 {[%clk 00:04:28]} 54. Qe2 {[%clk
00:00:37]} {[%emt 00:00:43]} Rxd5 {[%clk 00:03:54]} {[%emt 00:01:03]} 55. Re1
{[%clk 00:00:41]} {[%emt 00:00:26]} Bd6 {[%clk 00:02:20]} {[%emt 00:02:05]} 56.
Qc4 {[%clk 00:00:41]} {[%emt 00:00:28]} Rc5 {[%clk 00:02:49]} {[%emt 00:00:03]}
57. Qa4 {[%clk 00:00:45]} {[%emt 00:00:24]} Qf5 {[%clk 00:00:41]} {[%emt
00:02:40]} 58. Rd1 {[%clk 00:00:56]} {[%emt 00:00:13]} Bf8 {[%clk 00:00:39]}
{[%emt 00:00:38]} 59. Rd8 {[%clk 00:00:47]} {[%emt 00:00:37]} Rc8 {[%clk
00:00:50]} {[%emt 00:00:21]} 60. Rxc8 {[%clk 00:00:58]} {[%emt 00:00:20]} Qxc8
{[%clk 00:01:19]} 61. Bxe5 {[%clk 00:01:18]} {[%emt 00:00:10]} Bg7 {[%clk
00:01:47]} {[%emt 00:00:02]} 62. Bxg7 {[%clk 00:01:14]} {[%emt 00:00:34]} Kxg7
{[%clk 00:02:16]} {[%emt 00:00:01]} 63. Qe4 {[%clk 00:00:57]} {[%emt 00:00:46]}
f5 {[%clk 00:02:40]} {[%emt 00:00:07]} 64. Qd5 {[%clk 00:01:11]} {[%emt
00:00:15]} Qf8 {[%clk 00:02:38]} {[%emt 00:00:33]} 65. Qb7+ {[%clk 00:00:31]}
{[%emt 00:01:10]} Kh8 {[%clk 00:03:07]} 66. Qc6 {[%clk 00:00:31]} {[%emt
00:00:30]} Kg7 {[%clk 00:02:58]} {[%emt 00:00:39]} 67. Qb7+ {[%clk 00:00:32]}
{[%emt 00:00:29]} Kh8 {[%clk 00:03:27]} 68. Qc7 {[%clk 00:00:33]} {[%emt
00:00:28]} Qa8+ {[%clk 00:03:22]} {[%emt 00:00:37]} 69. Kh2 {[%clk 00:00:52]}
{[%emt 00:00:10]} Qa6 {[%clk 00:03:45]} {[%emt 00:00:07]} 70. Qd7 {[%clk
00:00:36]} {[%emt 00:00:45]} Qa5 {[%clk 00:02:39]} {[%emt 00:01:38]} 71. Qe7
{[%clk 00:00:32]} {[%emt 00:00:34]} Qd5 {[%clk 00:02:14]} {[%emt 00:00:54]} 72.
b4 {[%clk 00:00:35]} {[%emt 00:00:27]} Kg8 {[%clk 00:02:44]} 73. Qe2 {[%clk
00:00:31]} {[%emt 00:00:34]} Qc6 {[%clk 00:03:06]} {[%emt 00:00:06]} 74. Qb2
{[%clk 00:00:33]} {[%emt 00:00:30]} Kf7 {[%clk 00:02:41]} {[%emt 00:00:55]} 75.
b5 {[%clk 00:00:38]} {[%emt 00:00:25]} Qb6 {[%clk 00:03:11]} 76. Kg1 {[%clk
00:00:32]} {[%emt 00:00:35]} Ke6 {[%clk 00:03:39]} {[%emt 00:00:02]} 77. Qe2+
{[%clk 00:00:35]} {[%emt 00:00:27]} Kf6 {[%clk 00:03:19]} {[%emt 00:00:51]} 78.
Qd3 {[%clk 00:00:32]} {[%emt 00:00:33]} Qe6 {[%clk 00:03:33]} {[%emt 00:00:15]}
79. Qd4+ {[%clk 00:00:35]} {[%emt 00:00:27]} Kg6 {[%clk 00:04:01]} {[%emt
00:00:02]} 80. b6 {[%clk 00:00:35]} {[%emt 00:00:30]} Qe1+ {[%clk 00:04:30]} 81.
Kh2 {[%clk 00:00:32]} {[%emt 00:00:33]} Qb1 {[%clk 00:04:58]} {[%emt 00:00:02]}
82. Qd6+ {[%clk 00:00:36]} {[%emt 00:00:26]} Kh5 {[%clk 00:05:28]} 83. Qc6
{[%clk 00:00:39]} {[%emt 00:00:26]} Qf1 {[%clk 00:05:38]} {[%emt 00:00:20]} 84.
Qe8+ {[%clk 00:00:35]} {[%emt 00:00:34]} Kg5 {[%clk 00:06:01]} {[%emt
00:00:08]} 85. Qe3+ {[%clk 00:00:35]} {[%emt 00:00:30]} Kh5 {[%clk 00:06:30]}
86. Qc5 {[%clk 00:00:32]} {[%emt 00:00:33]} Qb1 {[%clk 00:06:48]} {[%emt
00:00:11]} 87. Qc6 {[%clk 00:00:34]} {[%emt 00:00:28]} Qf1 {[%clk 00:07:06]}
{[%emt 00:00:12]} 88. Qe8+ {[%clk 00:00:32]} {[%emt 00:00:32]} Kg5 {[%clk
00:07:27]} {[%emt 00:00:10]} 89. Qe3+ {[%clk 00:00:40]} {[%emt 00:00:21]} Kh5
{[%clk 00:07:55]} 90. b7 {[%emt 00:00:37]} Qb5 {[%clk 00:08:19]} 91. Qa7 {[%clk
00:00:51]} {[%emt 00:00:19]} 1-0

[Event "European Chess Club Cup 2023"]
[Site "Durres, Albania"]
[Date "2023.10.03"]
[Round "3.4"]
[White "Ahmadzada, Ahmad"]
[Black "Van Foreest, Jorden"]
[Result "1/2-1/2"]
[TimeControl "90' + 30' & 30\""]
[WhiteElo "2494"]
[BlackElo "2707"]

1. e4 {[%clk 01:30:56]} {[%emt 00:00:03]} c6 {[%clk 01:30:39]} {[%emt
00:00:21]} 2. Nf3 {[%clk 01:31:15]} {[%emt 00:00:11]} d5 {[%clk 01:30:57]}
{[%emt 00:00:12]} 3. Nc3 {[%clk 01:31:39]} {[%emt 00:00:06]} Bg4 {[%clk
01:30:59]} {[%emt 00:00:27]} 4. h3 {[%clk 01:32:02]} {[%emt 00:00:08]} Bxf3
{[%clk 01:31:20]} {[%emt 00:00:08]} 5. Qxf3 {[%clk 01:32:25]} {[%emt 00:00:07]}
e6 {[%clk 01:31:18]} {[%emt 00:00:32]} 6. Be2 {[%clk 01:32:48]} {[%emt
00:00:07]} Nf6 {[%clk 01:28:27]} {[%emt 00:03:21]} 7. O-O {[%clk 01:33:02]}
{[%emt 00:00:17]} Be7 {[%clk 01:24:54]} {[%emt 00:04:03]} 8. d4 {[%clk
01:33:12]} {[%emt 00:00:20]} dxe4 {[%clk 01:25:08]} {[%emt 00:00:16]} 9. Qe3
{[%clk 01:33:30]} {[%emt 00:00:11]} O-O {[%clk 01:23:55]} {[%emt 00:01:44]} 10.
Nxe4 {[%clk 01:33:45]} {[%emt 00:00:15]} Nxe4 {[%clk 01:22:43]} {[%emt
00:01:42]} 11. Qxe4 {[%clk 01:34:01]} {[%emt 00:00:14]} Nd7 {[%clk 01:23:08]}
{[%emt 00:00:05]} 12. Qe3 {[%clk 01:31:15]} {[%emt 00:03:15]} Re8 {[%clk
01:21:30]} {[%emt 00:02:08]} 13. Rd1 {[%clk 01:24:26]} {[%emt 00:07:19]} Qc7
{[%clk 01:19:00]} {[%emt 00:03:01]} 14. Qb3 {[%clk 01:20:03]} {[%emt 00:04:53]}
a5 {[%clk 01:14:45]} {[%emt 00:04:44]} 15. a4 {[%clk 01:18:30]} {[%emt
00:02:03]} Bd6 {[%clk 01:13:05]} {[%emt 00:02:11]} 16. g3 {[%clk 01:16:16]}
{[%emt 00:02:43]} e5 {[%clk 00:57:05]} {[%emt 00:16:32]} 17. Bc4 {[%clk
01:07:50]} {[%emt 00:08:55]} Nb6 {[%clk 00:53:46]} {[%emt 00:03:49]} 18. dxe5
{[%clk 01:07:50]} {[%emt 00:00:29]} Bxe5 {[%clk 00:53:58]} {[%emt 00:00:18]} 19.
Bf1 {[%clk 01:07:52]} {[%emt 00:00:28]} Nd5 {[%clk 00:46:10]} {[%emt 00:08:19]}
20. Bc4 {[%clk 01:06:11]} {[%emt 00:02:10]} Nb6 {[%clk 00:43:28]} {[%emt
00:03:13]} 21. Bf1 {[%clk 01:06:36]} {[%emt 00:00:05]} Nd5 {[%clk 00:43:54]}
{[%emt 00:00:04]} 22. Bc4 {[%clk 01:07:01]} {[%emt 00:00:04]} Nb6 {[%clk
00:44:11]} {[%emt 00:00:13]} 23. Bf1 {[%clk 01:07:03]} {[%emt 00:06:35]} Nd5
{[%clk 00:44:39]} {[%emt 00:00:02]} 24. Bc4 {[%clk 01:07:28]} {[%emt 00:00:06]}
Nb6 {[%clk 00:45:07]} {[%emt 00:00:01]} 1/2-1/2